Statistics for Movie Poster Mix-Up #2

Click here to take the quiz!

General Stats

  • This quiz has been taken 16,670 times
  • The average score is 7 of 12

Answer Stats

Answer% Correct
Schindler's List
94%
Tangled
83%
Mean Girls
79%
Willy Wonka & the Chocolate Factory
78%
Troy
63%
West Side Story
59%
Full Metal Jacket
49%
The Aviator
48%
Rear Window
37%
There Will Be Blood
37%
O Brother, Where Art Thou?
36%
Total Recall
35%

Score Distribution

Percentile by Number Answered

Percent of People with Each Score

Your Score History

You have not taken this quiz